| 000 | 00773nam a2200193Ia 4500 | ||
|---|---|---|---|
| 008 | 151121s9999||||xx |||||||||||||| ||und|| | ||
| 082 | _a920/गिते | ||
| 082 | _bHNW-115743 | ||
| 100 | _aगिते विलास - अनु। | ||
| 245 | _aलोकपुरुष सरदार वल्लभभाई पटेल | ||
| 260 | _b"इंडस सोसो बुक, मुंबई।" | ||
| 260 | _c2014 | ||
| 300 | _a283 | ||
| 600 | _aगिते विलास - अनु। | ||
| 630 | _aलोकपुरुष सरदार वल्लभभाई पटेल | ||
| 700 | _aगिते विलास - अनु। | ||
| 730 | _aलोकपुरुष सरदार वल्लभभाई पटेल | ||
| 942 | _cBOOK | ||
| 999 |
_c1264446 _d1264443 |
||